000 00454nam a22001577a 4500
003 OSt
005 20251106111221.0
008 251106b |||||||| |||| 00| 0 eng d
022 _a0040-5639
100 _aLucas Briola
245 _aMILLER, VINCENT J. (ED.):
_bThe Theological abd Ecological Vision of Laudato Si'
260 _aUSA,
_bSage Publications;
_c2018
300 _aP.702-703
440 _aTheological Studies
_nNo.3
_xVol.79
942 _2lcc
_cART
999 _c205142
_d205102